Noem de top 10 van olieproducerende landen - Statistieken

Algemene statistieken
  • Deze quiz is 22 keer genomen
  • De gemiddelde score is 7 van 10
Antwoordstatistieken
Miljoen bpd Antwoord % Correct
19,51 Verenigde Staten
100%
4,74 Irak
90%
3,19 Iran
86%
11,49 Rusland
81%
4,89 China
71%
4,01 Verenigde Arabische Emiraten
67%
5,50 Canada
62%
3,67 Brazilie
57%
2,94 Koeweit
57%
11,81 Saudi Arabie
57%
Geen overeenkomende quizzen gevonden
Scoreverdeling
Procent van Mensen met Elke Score
Percentiel versus Aantal Correcte Antwoorden
Uw Scoregeschiedenis
U heeft deze quiz nog niet genomen